000 00708nam a2200181Ia 4500
008 090123s9999 xx 000 0 und d
082 _b432
100 _aदेशपांडे पुरूषोत्तम लक्ष्मण
245 _aव्यक्ती आणि वल्ली
250 _a2
260 _bदेशमुख रा.ज.
300 _a230
600 _aदेशपांडे पुरूषोत्तम लक्ष्मण
630 _aव्यक्ती आणि वल्ली
700 _aदेशपांडे पुरूषोत्तम लक्ष्मण
730 _aव्यक्ती आणि वल्ली
942 _cBOOK
999 _c38520
_d38520